鎌倉幕府の執権一覧 - Statistics

General Stats
  • This quiz has been taken 142 times
  • The average score is 6 of 16
Answer Stats
ヒント Answer % Correct
8 1268-1284 北条時宗
94%
1 1203-1205 北条時政
85%
3 1224-1242 北条泰時
84%
2 1205-1224 北条義時
75%
14 1316-1326 北条高時
69%
5 1246-1256 北条時頼
55%
9 1284-1301 北条貞時
39%
7 1264-1268 北条政村
31%
6 1256-1264 北条長時
22%
16 1326-1333 北条守時
22%
4 1242-1246 北条経時
18%
12 1312-1315 北条煕時
13%
10 1301-1311 北条師時
12%
15 1326 北条貞顕
11%
11 1311-1312 北条宗宣
8%
13 1315-1316 北条基時
7%
No matching quizzes found
Score Distribution
Percent of People with Each Score
Percentile by Number Answered
Your Score History
You have not taken this quiz